Severná morská cesta ako alternatíva k južnej morskej ceste

Hlavné faktory týkajúce sa severnej morskej cesty, ktoré môžu prispieť k rastu atraktívnosti tejto trasy, ako aj faktory limitujúce jej komercializáciu. Analýza vedeckej a odbornej knižnej a časopiseckej literatúry. Hlavné faktory atraktívnosti severnej morskej cesty, medzi ktoré môžeme zaradiť zmen...

Description complète

Enregistré dans:
Détails bibliographiques
Auteur principal: Grešš, Martin, 1978-
Format: Chapitre de livre
Langue:slovaque
Sujets:
Tags: Ajouter un tag
Pas de tags, Soyez le premier à ajouter un tag!

MARC

LEADER 00000naa$a2200000$$$4500
001 0279012
005 20240502074330.7
041 0 |a slo 
044 |a SK 
245 1 0 |a Severná morská cesta ako alternatíva k južnej morskej ceste  |c Martin Grešš 
520 |a Hlavné faktory týkajúce sa severnej morskej cesty, ktoré môžu prispieť k rastu atraktívnosti tejto trasy, ako aj faktory limitujúce jej komercializáciu. Analýza vedeckej a odbornej knižnej a časopiseckej literatúry. Hlavné faktory atraktívnosti severnej morskej cesty, medzi ktoré môžeme zaradiť zmenu prírodných podmienok, záujmy Ruskej federácie a výhody využitia. Zvýšený záujem o severnú morskú cestu v posledných rokoch. 
610 2 0 |a cesty 
610 2 0 |a cesty dopravné 
610 2 0 |a Rusko 
610 2 0 |a Arktída 
610 2 0 |a doprava lodná 
100 1 |a Grešš, Martin, 1978-